000 00600nam a2200181 4500
001 138809
003 ES-MaACL
005 20250717081032.0
007 t|
008 070214s1903 sp r ||||1| spa d
100 1 _aSantos Revuelta, Timoteo.
_9103526
245 1 0 _aTratamiento razonado de los pneumónicos
_b: tesis doctoral /
_cpor Timoteo Santos Revuelta.
260 _aMadrid :
_b[s. n.],
_c1903 (
_fT. Minuesa de los Ríos)
300 _a38 p. ;
_c22 cm.
710 2 _aUniversidad Central (Madrid).
_bFacultad de Medicina
_97093
852 _aES-MaACL
_jT-1047-F-3
999 _c138809
_d138809